书目信息 |
| 题名: |
东西方经济合作
|
|
| 作者: | 高锦海 译 | |
| 分册: | ||
| 出版信息: | 北京 中国展望出版社 1983 |
|
| 页数: | 206页 | |
| 开本: | 19cm | |
| 丛书名: | ||
| 单 册: | ||
| 中图分类: | F116.7 | |
| 科图分类: | ||
| 主题词: | 经济合作:国际合作 , 国际合作:经济合作 | |
| 电子资源: | ||
| ISBN: | ||
| 000 | 00640nam0 2200241 45 | |
| 001 | 0183002757 | |
| 005 | 20060818171811.07 | |
| 010 | @dCNY0.75 | |
| 091 | @aCN@b4271.063 | |
| 100 | @a19950531d1983 em y0chiy0121 ea | |
| 101 | 1 | @achi |
| 102 | @aCN@b110000 | |
| 105 | @ay z 000yy | |
| 200 | 10 | @a东西方经济合作@Adong xi fang jing ji he zuo@f高锦海译 |
| 210 | @a北京@c中国展望出版社@d1983 | |
| 215 | @a206页@d19cm | |
| 606 | @a经济合作:国际合作 | |
| 606 | @a国际合作:经济合作 | |
| 690 | @aF116.7@v3 | |
| 701 | 0 | @a高锦海@Agao jin hai@4译 |
| 801 | 0 | @aCN@bTSSF@c20060818 |
| 801 | 2 | @aCN@bNLC@c20060817 |
| 905 | @a10447@dF116.7@e96 | |
| 东西方经济合作/高锦海译.-北京:中国展望出版社,1983 |
| 206页;19cm |
| ISBN :CNY0.75 |
| ● |
| 相关链接 |
|
|
|
|
正题名:东西方经济合作
索取号:F116.7/96
 
预约/预借
| 序号 | 登录号 | 条形码 | 馆藏地/架位号 | 状态 | 备注 |
| 1 | 0465389 | 204653892 | 密集书库/ [索取号:F116.7/96] | 在馆 | |
| 2 | 0469296 | 204692966 | 密集书库/ [索取号:F116.7/96] | 在馆 |